Doing comparative politics: an introduction to approaches and issues (Record no. 158)

MARC details
000 -LEADER
fixed length control field 00525nam a2200181Ia 4500
008 - FIXED-LENGTH DATA ELEMENTS--GENERAL INFORMATION
fixed length control field 240428s9999||||xx |||||||||||||| ||und||
020 ## - INTERNATIONAL STANDARD BOOK NUMBER
International Standard Book Number 9781626374508
041 ## - LANGUAGE CODE
Language code of text/sound track or separate title eng
082 ## - DEWEY DECIMAL CLASSIFICATION NUMBER
Classification number 320.3L
100 ## - MAIN ENTRY--PERSONAL NAME
Personal name Lim, Timothy. C
245 #0 - TITLE STATEMENT
Title Doing comparative politics: an introduction to approaches and issues
250 ## - EDITION STATEMENT
Edition statement 3rd. ed
260 ## - PUBLICATION, DISTRIBUTION, ETC.
Name of publisher, distributor, etc. Lynne Rienner Pub
Place of publication, distribution, etc. Colorado:
Date of publication, distribution, etc. 2016
300 ## - PHYSICAL DESCRIPTION
Extent xi, 409p: illus., tabs;
650 ## - SUBJECT ADDED ENTRY--TOPICAL TERM
Topical term or geographic name entry element Comparative Government - Comparative Government and Politics
942 ## - ADDED ENTRY ELEMENTS (KOHA)
Koha item type Books
Holdings
Withdrawn status Lost status Damaged status Not for loan Home library Current library Shelving location Date acquired Total checkouts Full call number Date last seen Copy number Price effective from Koha item type
        Main Library Main Library Open Shelves 10/08/2021   320.3L 1376 C2 - 320.3L 1375 C1 29/04/2024 1 29/04/2024 Books
©2026  Parliament of Ghana Library - All rights reserved